Kapitálová struktura podniku

Pravidlá pre voľbu kapitálovej štruktúry. Pravidlo vyrovnávania rizika. Zlaté bilančné pravidlo. Pravidlo primeraného úrokového krytia. Pravidlo primeranej likvidity. Zhrnutie uvedených konštatovaní. Posúdenie rešpektovania uvedených pravidiel vo vybraných nemeckých podnikoch.

Na minha lista:
Detalhes bibliográficos
Autor principal: Boukal, Petr
Outros Autores: Scholleová, Hana
Formato: Capítulo de Livro
Idioma:tcheco
Assuntos:
Tags: Adicionar Tag
Sem tags, seja o primeiro a adicionar uma tag!

MARC

LEADER 00000naa$a2200000$$$4500
001 0021400
005 20221207121628.2
041 0 |a cze 
044 |a SK 
245 1 0 |a Kapitálová struktura podniku  |c Petr Boukal, Hana Scholleová 
520 |a Pravidlá pre voľbu kapitálovej štruktúry. Pravidlo vyrovnávania rizika. Zlaté bilančné pravidlo. Pravidlo primeraného úrokového krytia. Pravidlo primeranej likvidity. Zhrnutie uvedených konštatovaní. Posúdenie rešpektovania uvedených pravidiel vo vybraných nemeckých podnikoch. 
610 2 0 |a štruktúra kapitálová 
610 2 0 |a štruktúra podniku finančná 
610 2 0 |a kapitál cudzí 
610 2 0 |a financovanie podnikov 
610 2 0 |a Nemecko 
100 1 |a Boukal, Petr 
700 1 |a Scholleová, Hana